Mio cid campeador: hazaña
Kaydedildi:
| Yazar: | |
|---|---|
| Materyal Türü: | Kitap |
| Dil: | İspanyolca |
| Baskı/Yayın Bilgisi: |
Santiago
Andrés Bello
1964
|
| Edisyon: | 4a. ed |
| Seri Bilgileri: | Biblioteca Andrés Bello, 2
|
| Konular: | |
| Etiketler: |
Etiketle
Etiket eklenmemiş, İlk siz ekleyin!
|
MARC
| LEADER | 00000nam a2200000 a 4500 | ||
|---|---|---|---|
| 001 | UCT1147 | ||
| 003 | CL-VaPUC | ||
| 008 | 960927e19640000CL |||||||||||||||||spa|d | ||
| 082 | 0 | 4 | |a Ch863 |b HUI |2 21 |
| 100 | |a Huidobro, Vicente |e autor |d 1893-1948 |q (García-Huidobro Fernández, Vicente) |9 505141 | ||
| 245 | 1 | 0 | |a Mio cid campeador: hazaña |
| 250 | |a 4a. ed | ||
| 300 | |a 365 p | ||
| 942 | |c BK | ||
| 945 | |d 19960927 00:00:00 |a rleighto | ||
| 260 | |a Santiago |b Andrés Bello |c 1964 | ||
| 650 | 0 | |a Novelas chilenas |9 265425 | |
| 583 | |a last modification |c 19960927 00:00:00 |k Rodrigo Vera | ||
| 490 | 0 | |a Biblioteca Andrés Bello, 2 | |
| 999 | |c 251792 |d 251790 | ||
| 952 | |0 0 |1 0 |4 0 |6 CH_863_000000000000000_HUI_1964 |7 0 |8 A |9 271199 |a BIBEDU |b BIBEDU |d 2019-11-19 |i 3233685 |o Ch863 HUI 1964 |p 3233685 |r 2019-11-19 |w 2019-11-19 |y BK |k LIT | ||
| 952 | |0 0 |1 0 |4 0 |6 CH_863_000000000000000_HUI_1964 |7 0 |8 A |9 271200 |a BIBEDU |b BIBEDU |d 2019-11-19 |i 1446304 |o Ch863 HUI 1964 |p 1446304 |r 2019-11-19 |w 2019-11-19 |y BK |k LIT | ||